书目信息 |
| 书名: | Asking about life | |
| 作者: | Allan J. Tobin, Jennie Dusheck. | |
| 分册号: | ||
| 分册名: | 出版地: | Fort Worth : |
|
| 出版社: | Saunders College Pub | |
| 出版时间: | c1998. | |
| 页数: | xxxi, 962, [86] p. : | |
| 开本: | 29 cm. | |
| 丛书名: | ||
| 中图分类号: | ||
| 科图分类号: | ||
| 其他分类号: | Q-06 | |
| 主题词: | ||
| 电子资源: | ||
| 000 | 01039nam a2200313 a 450 | |
| 001 | E0753707297 | |
| 005 | 20070401150014.78 | |
| 008 | 971105s1998 txua b 001 0 eng d | |
| 010 | @a97068078 | |
| 020 | @a003072046X. | |
| 035 | @a(OCoLC)38280731 | |
| 035 | @A(DLC) 97068078 | |
| 040 | @aMnPr@cMnPr@dDLC | |
| 042 | @alccopycat | |
| 050 | 00 | @aQH308.2@b.T63 1998 |
| 082 | 00 | @a570@2 21 |
| 090 | @aQ-06 | |
| 099 | @dQ-06@ex1 | |
| 100 | 1 | @aTobin, Allan J. |
| 245 | 10 | @aAsking about life / @cAllan J. Tobin, Jennie Dusheck. |
| 260 | @aFort Worth :@bSaunders College Pub.,@cc1998. | |
| 300 | @axxxi, 962, [86] p. :@bcol. ill. ;@c29 cm. | |
| 504 | @aIncludes bibliographical references and index. | |
| 650 | 0 | @aBiology. |
| 700 | 1 | @aDusheck, Jennie. |
| 906 | @a7@bcbc@ccopycat@d3@eopcn@f19@gy-gencatlg | |
| 922 | @aco | |
| 955 | @apn05 11-05-97; OCLC import, pb22 02-23-98; pb22 02-23-98 to cat.; jb00 02-25-98; jb11 04-02-98; je10 07-07-98 | |
| 991 | @bc-GenColl@hQH308.2@i.T63 1998@p00056148917@tCopy 1@wBOOKS | |
| Asking about life / / Allan J. Tobin, Jennie Dusheck.-Fort Worth : : Saunders College Pub., , c1998. |
| xxxi, 962, [86] p. : : col. ill. ; ; 29 cm. |
| Includes bibliographical references and index. |
| ISBN 003072046X. |
| ● |
| 相关链接 |
|
|
|
|
正题名:Asking about life
索取号:Q-06/x1
 
预约/预借
| 序号 | 登录号 | 条形码 | 馆藏地/架位号 | 状态 | 备注 |
| 1 | 0003871 | 300038714 | 第二样本阅览室/ [索取号:Q-06/x1] | 在馆 | |
| 2 | 0003872 | 300038723 | 第四借阅区/ [索取号:Q-06/x1] | 在馆 |